=LDR 00000nam 2200000 4500 =001 INLIS000000000041895 =005 20130612151412 =008 ***********************************Ind** =035 ##$$0010-061300000041895 =041 ##$$a Ind =082 ##$$a 344.06 =090 ##$$a 344, Ind p =245 ##$$a Indonesia [ undang - undang, peraturan dst ], Peraturan lengkap bangunan gedu8ng dan izin mendirikan bangunan ( IMB ) =260 ##$$a 2011 $b Bandung =300 ##$$a vi, 251 hlm, 203 cm =650 ##$$a Bangunan - Undang-Undang Dan Peraturan =850 ##$$a NBPNMAT